Central Library OPAC University of Rajshahi

Eliminating the unconscious : (Record no. 29501)

MARC details
000 -LEADER
fixed length control field 00917cam a22002891 4500
001 - CONTROL NUMBER
control field 29501
003 - CONTROL NUMBER IDENTIFIER
rucl marc code BD-RjUL
005 - DATE AND TIME OF LATEST TRANSACTION
control field 20211209051423.0
008 - FIXED-LENGTH DATA ELEMENTS--GENERAL INFORMATION
fixed length control field 140403s1966 enk b 001 0 eng
035 ## - SYSTEM CONTROL NUMBER
System control number (BD-RjUL)29586
System control number (OCoLC)620108
040 ## - CATALOGING SOURCE
Original cataloging agency DLC
Transcribing agency OCanM
Modifying agency OCoLC
-- Uk
-- DLC
-- BD-RjUL
Language of cataloging eng
041 ## - LANGUAGE CODE
Language code of text/sound track or separate title eng
082 ## - DEWEY DECIMAL CLASSIFICATION NUMBER
Classification number 150.195
Author mark and year MIE 1966
100 1# - MAIN ENTRY--PERSONAL NAME
Personal name Miles, T. R.
Fuller form of name (Thomas Richard)
9 (RLIN) 89915
245 10 - TITLE STATEMENT
Title Eliminating the unconscious :
Remainder of title a behaviourist view of psycho-analysis /
Statement of responsibility, etc. by T. R. Miles.
250 ## - EDITION STATEMENT
Edition statement 1st ed.
260 ## - PUBLICATION, DISTRIBUTION, ETC. (IMPRINT)
Place of publication, distribution, etc. Oxford ;
-- New York :
Name of publisher, distributor, etc. Pergamon Press,
Date of publication, distribution, etc. 1966.
300 ## - PHYSICAL DESCRIPTION
Pagination xviii, 171 p. ;
Size 20 cm.
490 0# - SERIES STATEMENT
Series statement The Commonwealth and international library. Psychology division,
Volume/sequential designation 2714
504 ## - BIBLIOGRAPHY, ETC. NOTE
Bibliography, etc Bibliography: p. 161-166.
Bibliography, etc Includes index.
650 #0 - SUBJECT ADDED ENTRY--TOPICAL TERM
Topical term or geographic name as entry element Psychoanalysis.
9 (RLIN) 89916
942 ## - ADDED ENTRY ELEMENTS (KOHA)
Source of classification or shelving scheme Dewey Decimal Classification
Koha item type Books
Holdings
Lost status Source of classification or shelving scheme Damaged status Not for loan Collection code Permanent Location Current Location Shelving location Date acquired Source of acquisition Cost, normal purchase price Total Checkouts Full call number Date last seen Copy number Koha item type
  Dewey Decimal Classification   Added to bundle Non-fiction Central Library, University of Rajshahi Central Library, University of Rajshahi Reading Room 22/09/1970 Sweet band Zitlinger 27.60   150.195 MIE 1966 03/04/2014 C-1 Books